| 000 | 00000cas 2200000zi 4500 |
| 001 | 9.503855 |
| 003 | CaOODSP |
| 005 | 20260505104336 |
| 006 | m o d f |
| 007 | cr ||||||||||| |
| 008 | 150406c20079999oncar p o f0 b0fre|d |
| 022 | |a2292-3144 |
| 040 | |aCaOODSP|bfre|erda|cCaOODSP |
| 043 | |an-cn--- |
| 086 | 1 |aH79-5F-PDF|zH79-5/2015F-PDF |
| 222 | 0|aL'observateur des médicaments émergents |
| 245 | 02|aL'observateur des médicaments émergents. |
| 264 | 1|aOttawa, ON : |bConseil d'examen du prix des médicaments brevetés = Patented Medicine Prices Review Board, |c2007- |
| 310 | |aIrrégulier |
| 336 | |atexte|btxt|2rdacontent/fre |
| 337 | |ainformatique|bc|2rdamedia/fre |
| 338 | |aressource en ligne|bcr|2rdacarrier/fre |
| 362 | 1 |aParaît depuis 2007. |
| 500 | |a« Le Système national d’information sur l’utilisation des médicaments prescrits (SNIUMP). » |
| 500 | |aPubl. aussi en anglais sous les titres : New drug pipeline monitor (2007-2015), et Meds pipeline monitor (2018-). |
| 520 | |a« L’Observateur des médicaments émergents (OMÉ) présente des renseignements sur les médicaments en cours de développement qui peuvent avoir une incidence sur les futures dépenses des régimes d’assurance-médicaments au Canada. Elle comprend une liste de médicaments émergents qui sont en essais cliniques de phase III ou à l’étude par la Food and Drug Administration (FDA) des États-Unis et qui sont susceptibles d’avoir une incidence clinique importante. La sélection de médicaments qu’on y retrouve provient principalement de la base de données BioPharm Insight »--Résumé, 2014. |
| 692 | 07|2gccst|aMédicament |
| 692 | 07|2gccst|aRecherche et développement |
| 710 | 1 |aCanada. |bConseil d'examen du prix des médicaments brevetés. |
| 775 | 08|tNew drug pipeline monitor.|w(CaOODSP)9.507462 |
| 775 | 08|tMeds pipeline monitor ...|w(CaOODSP)9.868374 |